| 000 | 00642nam a2200193 i 4500 | ||
|---|---|---|---|
| 001 | 182829 | ||
| 003 | ES-MaACL | ||
| 005 | 20251003063158.0 | ||
| 008 | 131108s2012 sp |||| | spa d | ||
| 080 | _a821.134.2-14"19" | ||
| 100 | 1 |
_aGarcía González, Eusebio, _d1927- _9153801 |
|
| 245 | 1 | 0 |
_aTauromáquica / _cEusebio García González ; [ilustraciones Alejandro Romero Ribón]. |
| 250 | _a[Edición domética del autor]. | ||
| 260 |
_a[Segovia] : _bEl autor, _c2012. |
||
| 300 |
_a32 p. : _bil.col. ; _c21 cm. |
||
| 700 | 1 |
_aRomero Ribón, Alejandro. _9153802 |
|
| 852 |
_aES-MaACL _j2319-F-20 |
||
| 999 |
_c182829 _d182829 |
||